00287nam a22001097a 4500020002200000082001500022100001500037245006200052260003100114300000800145650002400153 a978-93-5143-106-0 a340.59 EDA aEdappagath aDivorce and Gender Equity in Muslim Personal Law of India aGurgaonbLexis Nexisc2014 a283 aMuslim Personal Law